[Event "Regionalliga NW 1415"]
[Site "Bayern"]
[Date "2015.02.01"]
[Round "6.5"]
[White "Horther, Heinrich"]
[Black "Von Golitschek, Manfred"]
[Result "1/2-1/2"]
[WhiteElo "1905"]
[BlackElo "1825"]
[PlyCount "56"]
[EventDate "2014.10.19"]
[EventType "team-tourn"]
[EventRounds "9"]
[EventCountry "GER"]
[SourceTitle "EXT 2018"]
[Source "ChessBase"]
[SourceDate "2017.10.13"]
[SourceVersion "1"]
[SourceVersionDate "2017.10.13"]
[SourceQuality "1"]
[WhiteTeam "Kronach"]
[BlackTeam "Prichsenstadt"]
[WhiteTeamCountry "GER"]
[BlackTeamCountry "GER"]

1. e4 c6 2. d4 d5 3. exd5 cxd5 4. c4 Nf6 5. Nc3 Nc6 6. Nf3 Bg4 7. Be2 e6 8. c5 Be7 9. 0-0 0-0 10. Bf4 Ne4 11. Re1 Nxc3 12. bxc3 Bxf3 13. Bxf3 Bg5 14. Bd6 Be7 15. Bxe7 Nxe7 16. Qa4 Qc7 17. c4 Rfd8 18. Rab1 b6 19. cxd5 Nxd5 20. Bxd5 exd5 21. Rbc1 Rac8 22. h3 g6 23. Re2 bxc5 24. Rxc5 Qb7 25. Rxc8 Rxc8 26. Re8+ Rxe8 27. Qxe8+ Kg7 28. Qe5+ f6 1/2-1/2

[Event "Regionalliga NW 1415"]
[Site "Bayern"]
[Date "2014.12.07"]
[Round "4.5"]
[White "Horther, Heinrich"]
[Black "Weck, Hans"]
[Result "0-1"]
[WhiteElo "1905"]
[BlackElo "1962"]
[PlyCount "27"]
[EventDate "2014.10.19"]
[EventType "team-tourn"]
[EventRounds "9"]
[EventCountry "GER"]
[SourceTitle "EXT 2018"]
[Source "ChessBase"]
[SourceDate "2017.10.13"]
[SourceVersion "1"]
[SourceVersionDate "2017.10.13"]
[SourceQuality "1"]
[WhiteTeam "Kronach"]
[BlackTeam "Bad Neustadt"]
[WhiteTeamCountry "GER"]
[BlackTeamCountry "GER"]

1. e4 d6 2. d4 Nf6 3. Nc3 g6 4. Nf3 Bg7 5. Be2 0-0 6. 0-0 c5 7. dxc5 dxc5 8. Qxd8 Rxd8 9. Be3 Nc6 10. Bxc5 Bg4 11. Rfd1 Nd7 12. Bd4 Bxf3 13. Bxg7 Bxe2 14. Nxe2 0-1

[Event "Regionalliga NW 1415"]
[Site "Bayern"]
[Date "2014.11.09"]
[Round "2.5"]
[White "Horther, Heinrich"]
[Black "Wilfert, Andre"]
[Result "1/2-1/2"]
[WhiteElo "1905"]
[BlackElo "1988"]
[PlyCount "55"]
[EventDate "2014.10.19"]
[EventType "team-tourn"]
[EventRounds "9"]
[EventCountry "GER"]
[SourceTitle "EXT 2018"]
[Source "ChessBase"]
[SourceDate "2017.10.13"]
[SourceVersion "1"]
[SourceVersionDate "2017.10.13"]
[SourceQuality "1"]
[WhiteTeam "Kronach"]
[BlackTeam "Marktleuthen"]
[WhiteTeamCountry "GER"]
[BlackTeamCountry "GER"]

1. e4 c5 2. c3 d5 3. exd5 Qxd5 4. d4 Nc6 5. Nf3 Nf6 6. Be2 e6 7. Na3 Qd8 8. Nc2 cxd4 9. Ncxd4 Nxd4 10. Nxd4 Be7 11. 0-0 0-0 12. Bg5 e5 13. Nf3 Qc7 14. Qc2 h6 15. Bh4 Rd8 16. Rad1 Be6 17. Bg3 Bd6 18. Nd2 Rac8 19. Bf3 b5 20. a3 a5 21. Ne4 Nxe4 22. Bxe4 b4 23. axb4 axb4 24. Bd5 bxc3 25. Bxe6 fxe6 26. bxc3 Qxc3 27. Qxc3 Rxc3 28. Bxe5 1/2-1/2

[Event "Regionalliga NW 1314"]
[Site "Bayern"]
[Date "2014.02.23"]
[Round "7.5"]
[White "Wilfert, Andre"]
[Black "Horther, Heinrich"]
[Result "1-0"]
[WhiteElo "1971"]
[BlackElo "1932"]
[PlyCount "59"]
[EventDate "2013.10.13"]
[EventType "team-tourn"]
[EventRounds "9"]
[EventCountry "GER"]
[SourceTitle "EXT 2015"]
[Source "ChessBase"]
[SourceDate "2014.11.20"]
[SourceVersion "1"]
[SourceVersionDate "2014.11.20"]
[SourceQuality "1"]
[WhiteTeam "Marktleuthen"]
[BlackTeam "Kronach"]
[WhiteTeamCountry "GER"]
[BlackTeamCountry "GER"]

1. d4 e6 2. Nf3 d5 3. e3 c5 4. c3 Nc6 5. Nbd2 Nf6 6. Bd3 Bd6 7. 0-0 0-0 8. Re1 Re8 9. e4 e5 10. exd5 Nxd5 11. dxc5 Bxc5 12. Ne4 Be7 13. Nfg5 h6 14. Bc4 Bxg5 15. Bxg5 Nce7 16. Bxe7 Nxe7 17. Nd6 Rf8 18. Rxe5 Nc6 19. Bxf7+ Kh8 20. Re8 Rxe8 21. Bxe8 Qf6 22. Bxc6 bxc6 23. Nxc8 Rxc8 24. Qd4 Qf7 25. b3 c5 26. Qd3 Rf8 27. f3 Qf6 28. Re1 Rd8 29. Qe3 Qb6 30. b4 1-0

[Event "Regionalliga NW 1314"]
[Site "Bayern"]
[Date "2013.12.15"]
[Round "4.5"]
[White "Horther, Heinrich"]
[Black "Loeser, Tobias"]
[Result "1/2-1/2"]
[WhiteElo "1932"]
[BlackElo "1903"]
[PlyCount "40"]
[EventDate "2013.10.13"]
[EventType "team-tourn"]
[EventRounds "9"]
[EventCountry "GER"]
[SourceTitle "EXT 2015"]
[Source "ChessBase"]
[SourceDate "2014.11.20"]
[SourceVersion "1"]
[SourceVersionDate "2014.11.20"]
[SourceQuality "1"]
[WhiteTeam "Kronach"]
[BlackTeam "Prichsenstadt"]
[WhiteTeamCountry "GER"]
[BlackTeamCountry "GER"]

1. e4 c5 2. c3 b6 3. d4 Bb7 4. Bd3 Nf6 5. Qe2 cxd4 6. cxd4 Nc6 7. Nf3 Nb4 8. Nc3 Nxd3+ 9. Qxd3 e6 10. 0-0 Be7 11. Re1 0-0 12. Bg5 d5 13. e5 Ne4 14. Bxe7 Qxe7 15. Nd2 Nxc3 16. Qxc3 Rac8 17. Qb3 Rc6 18. Rad1 Rfc8 19. Nb1 Rc4 20. Nc3 Qb4 1/2-1/2

[Event "Regionalliga NW 1112"]
[Site "Bayern"]
[Date "2012.02.26"]
[Round "7.7"]
[White "Horther, Heinrich"]
[Black "Bachmann, Wolfgang"]
[Result "1/2-1/2"]
[WhiteElo "1967"]
[BlackElo "1909"]
[PlyCount "80"]
[EventDate "2011.10.02"]
[EventType "team-tourn"]
[EventRounds "9"]
[EventCountry "GER"]
[SourceTitle "EXT 2015"]
[Source "ChessBase"]
[SourceDate "2014.11.20"]
[SourceVersion "1"]
[SourceVersionDate "2014.11.20"]
[SourceQuality "1"]
[WhiteTeam "Kronach"]
[BlackTeam "Wuerzburg II"]
[WhiteTeamCountry "GER"]
[BlackTeamCountry "GER"]

1. e4 g6 2. d4 Bg7 3. Nf3 c6 4. Be2 d5 5. e5 Nh6 6. 0-0 0-0 7. Re1 f6 8. exf6 exf6 9. c4 Nd7 10. Nc3 dxc4 11. Bxc4+ Nf7 12. Be3 Nb6 13. Bb3 Kh8 14. h3 Nd5 15. Nxd5 cxd5 16. Qd2 a5 17. a4 Be6 18. Bf4 Re8 19. Rac1 Nd6 20. Bh6 Qb6 21. Bxg7+ Kxg7 22. Re3 Ne4 23. Qd3 Rac8 24. Rce1 Qc6 25. Nd2 Nxd2 26. Qxd2 b6 27. Rc3 Qd7 28. Rec1 Qb7 29. Qf4 Rxc3 30. Rxc3 Rc8 31. Re3 Bf7 32. Qd6 Rc1+ 33. Kh2 Qc7 34. Qxc7 Rxc7 35. Re1 Kf8 36. Kg3 Rc6 37. Kf3 Rc7 38. h4 Rc6 39. g3 Rc7 40. Re3 Rc6 1/2-1/2

[Event "Regionalliga NW 1011"]
[Site "Bayern"]
[Date "2011.04.10"]
[Round "9.5"]
[White "Markert, Markus"]
[Black "Horther, Heinrich"]
[Result "1/2-1/2"]
[WhiteElo "1880"]
[BlackElo "1967"]
[PlyCount "20"]
[EventDate "2010.10.10"]
[EventType "team-tourn"]
[EventRounds "9"]
[EventCountry "GER"]
[SourceTitle "EXT 2012"]
[Source "ChessBase"]
[SourceDate "2011.11.24"]
[SourceVersion "1"]
[SourceVersionDate "2011.11.24"]
[SourceQuality "1"]
[WhiteTeam "Bad Neustadt"]
[BlackTeam "Kronach"]
[WhiteTeamCountry "GER"]
[BlackTeamCountry "GER"]

1. e4 e6 2. d4 d5 3. exd5 exd5 4. Nf3 Bd6 5. Bd3 Nf6 6. c3 0-0 7. 0-0 Bg4 8. Nbd2 Re8 9. Re1 Nbd7 10. Qc2 Nf8 1/2-1/2

[Event "Regionalliga NW 0708"]
[Site "Bayern"]
[Date "2007.12.09"]
[Round "4.5"]
[White "Horther, Heinrich"]
[Black "Kuhn, Tobias"]
[Result "1/2-1/2"]
[WhiteElo "2006"]
[BlackElo "1954"]
[PlyCount "46"]
[EventDate "2007.10.21"]
[EventType "team-tourn"]
[EventRounds "9"]
[EventCountry "GER"]
[SourceTitle "EXT 2009"]
[Source "ChessBase"]
[SourceDate "2008.11.26"]
[SourceVersion "1"]
[SourceVersionDate "2008.11.26"]
[SourceQuality "1"]
[WhiteTeam "Kronach"]
[BlackTeam "Klingenberg"]
[WhiteTeamCountry "GER"]
[BlackTeamCountry "GER"]

1. e4 e5 2. Nf3 Nf6 3. d4 Nxe4 4. Bd3 d5 5. Nxe5 Nd7 6. Nxd7 Bxd7 7. 0-0 Bd6 8. c4 c6 9. cxd5 cxd5 10. Qh5 0-0 11. Qxd5 Bc6 12. Qh5 f5 13. Nc3 g6 14. Qh6 Re8 15. Nxe4 Bxe4 16. Bc4+ Kh8 17. Bf7 Bf8 18. Qh3 Qxd4 19. Bxe8 Rxe8 20. Qc3 Qxc3 21. bxc3 Bd3 22. Rd1 Bc2 23. Rf1 Bd3 1/2-1/2

[Event "Regionalliga NW 0607"]
[Site "Bayern"]
[Date "2006.12.10"]
[Round "4.3"]
[White "Horther, Heinrich"]
[Black "Seidens, Udo"]
[Result "0-1"]
[WhiteElo "2046"]
[BlackElo "2114"]
[PlyCount "92"]
[EventDate "2006.10.15"]
[EventType "team-tourn"]
[EventRounds "9"]
[EventCountry "GER"]
[SourceTitle "EXT 2008"]
[Source "ChessBase"]
[SourceDate "2007.11.25"]
[SourceVersion "1"]
[SourceVersionDate "2007.11.25"]
[SourceQuality "1"]
[WhiteTeam "Kronach"]
[BlackTeam "Schweinfurt"]
[WhiteTeamCountry "GER"]
[BlackTeamCountry "GER"]

1. e4 g6 2. d4 Bg7 3. Nc3 d6 4. Nf3 Nd7 5. Be2 e6 6. 0-0 Ne7 7. Be3 a6 8. a4 b6 9. Qd2 h6 10. h3 Bb7 11. Rad1 Nf6 12. e5 Nfd5 13. Nxd5 Nxd5 14. c4 Nxe3 15. Qxe3 0-0 16. exd6 Qxd6 17. b3 Rfd8 18. Rd2 Rab8 19. Rfd1 Qb4 20. Ne5 Rd6 21. Bf3 Bxf3 22. Nxf3 Rbd8 23. Rd3 b5 24. axb5 axb5 25. Qd2 Qxd2 26. R3xd2 bxc4 27. bxc4 Rc6 28. d5 Rxc4 29. dxe6 Rxd2 30. exf7+ Kxf7 31. Rxd2 Rc1+ 32. Kh2 Bf6 33. g4 c5 34. Rd6 c4 35. Rc6 c3 36. Rc7+ Ke6 37. Rc6+ Ke7 38. h4 g5 39. hxg5 hxg5 40. Ng1 Be5+ 41. Kg2 Kd7 42. Rc4 Kd6 43. Ne2 Rc2 44. Kf3 Rb2 45. Ke3 Kd5 46. Kd3 Rd2+ 0-1

[Event "Regionalliga NW 0607"]
[Site "Bayern"]
[Date "2006.11.19"]
[Round "3.3"]
[White "Hertel, Hans"]
[Black "Horther, Heinrich"]
[Result "1-0"]
[WhiteElo "2102"]
[BlackElo "2046"]
[PlyCount "57"]
[EventDate "2006.10.15"]
[EventType "team-tourn"]
[EventRounds "9"]
[EventCountry "GER"]
[SourceTitle "EXT 2008"]
[Source "ChessBase"]
[SourceDate "2007.11.25"]
[SourceVersion "1"]
[SourceVersionDate "2007.11.25"]
[SourceQuality "1"]
[WhiteTeam "Hof"]
[BlackTeam "Kronach"]
[WhiteTeamCountry "GER"]
[BlackTeamCountry "GER"]

1. d4 e6 2. c3 d5 3. Nf3 Nf6 4. Bg5 h6 5. Bh4 Nbd7 6. Nbd2 Bd6 7. Qc2 e5 8. e4 exd4 9. Nxd4 Be7 10. 0-0-0 0-0 11. Nf5 c6 12. f4 dxe4 13. Nxe4 Nd5 14. Nxe7+ Nxe7 15. f5 f6 16. Bc4+ Kh7 17. Nc5 Nxc5 18. Rxd8 Rxd8 19. g4 b5 20. Be2 Nd5 21. Bf2 Nd7 22. h4 Ne5 23. Bd4 Re8 24. g5 Nf4 25. Rf1 Nxe2+ 26. Qxe2 b4 27. gxf6 gxf6 28. Bxe5 Rxe5 29. Qg4 1-0

[Event "Regionalliga NW 0607"]
[Site "Bayern"]
[Date "2006.10.15"]
[Round "1.3"]
[White "Frey, Michael"]
[Black "Horther, Heinrich"]
[Result "1-0"]
[WhiteElo "1940"]
[BlackElo "2046"]
[PlyCount "111"]
[EventDate "2006.10.15"]
[EventType "team-tourn"]
[EventRounds "9"]
[EventCountry "GER"]
[SourceTitle "EXT 2008"]
[Source "ChessBase"]
[SourceDate "2007.11.25"]
[SourceVersion "1"]
[SourceVersionDate "2007.11.25"]
[SourceQuality "1"]
[WhiteTeam "Schweinheim"]
[BlackTeam "Kronach"]
[WhiteTeamCountry "GER"]
[BlackTeamCountry "GER"]

1. e4 e6 2. d4 d5 3. Nc3 Nf6 4. e5 Nfd7 5. f4 c5 6. Nf3 Nc6 7. Ne2 b5 8. Be3 Qa5+ 9. c3 b4 10. Qd2 Ba6 11. g3 bxc3 12. bxc3 cxd4 13. Nfxd4 Nxd4 14. Bxd4 Nc5 15. Bxc5 Bxc5 16. Nd4 Rc8 17. Nb3 Qb6 18. Nxc5 Rxc5 19. Bxa6 Qxa6 20. Rb1 0-0 21. Kf2 Rfc8 22. Rb3 d4 23. Rd1 h6 24. Rc1 Qa5 25. Rb7 Rc4 26. Rb4 Rxc3 27. Rxd4 Qa3 28. Rxc3 Rxc3 29. Kg2 Qc5 30. Kh3 Qc6 31. Qf2 a5 32. Rd8+ Kh7 33. Rd6 Qe4 34. Rd2 Rf3 35. Qe2 Re3 36. Qf2 a4 37. Rc2 Rd3 38. Qe2 Qd5 39. Qg2 Qd4 40. Qf2 Qe4 41. Qe2 Re3 42. Qf2 a3 43. Rd2 Rd3 44. Rc2 Rf3 45. Qe2 Qxf4 46. Kg2 Qf5 47. Rc7 Rd3 48. Rxf7 Qg6 49. Rf4 Rc3 50. Rf2 Qb1 51. Qg4 Rc6 52. Qa4 Rc3 53. Qa8 Qd3 54. Kh3 Qe3 55. Rf8 Qxe5 56. Qe8 1-0

[Event "Regionalliga NW 0506"]
[Site "Bayern"]
[Date "2006.04.02"]
[Round "9.5"]
[White "Horther, Heinrich"]
[Black "Scholz, Peter"]
[Result "1-0"]
[WhiteElo "2057"]
[BlackElo "1717"]
[PlyCount "77"]
[EventDate "2005.10.23"]
[EventType "team-tourn"]
[EventRounds "9"]
[EventCountry "GER"]
[SourceTitle "EXT 2007"]
[Source "ChessBase"]
[SourceDate "2006.11.23"]
[SourceVersion "1"]
[SourceVersionDate "2006.11.23"]
[SourceQuality "1"]

1. e4 d6 2. d4 Nf6 3. Nc3 g6 4. Nf3 Bg7 5. Bd3 Nc6 6. 0-0 e5 7. dxe5 Nxe5 8. Nxe5 dxe5 9. Qe2 0-0 10. Be3 Qe7 11. Rad1 c6 12. f3 Nh5 13. Qf2 b6 14. Ne2 Be6 15. a3 h6 16. Qe1 g5 17. Qc3 Rac8 18. a4 Nf4 19. Ba6 Rc7 20. Ng3 Rd8 21. Bc4 Rxd1 22. Rxd1 Rd7 23. Rd2 Qd8 24. Bxe6 fxe6 25. Kf2 h5 26. Nf1 g4 27. Qxc6 Rxd2+ 28. Bxd2 gxf3 29. Bxf4 exf4 30. Qxe6+ Kh8 31. Qd5 Qh4+ 32. Kxf3 Qg4+ 33. Kf2 Qh4+ 34. Kg1 Qg4 35. h3 Qg6 36. c3 f3 37. g3 Bf6 38. Qf5 Qf7 39. e5 1-0

[Event "Regionalliga NW 0506"]
[Site "Bayern"]
[Date "2006.01.15"]
[Round "5.6"]
[White "Link, Klaus"]
[Black "Horther, Heinrich"]
[Result "1-0"]
[WhiteElo "1958"]
[BlackElo "2039"]
[PlyCount "57"]
[EventDate "2005.10.23"]
[EventType "team-tourn"]
[EventRounds "9"]
[EventCountry "GER"]
[SourceTitle "EXT 2007"]
[Source "ChessBase"]
[SourceDate "2006.11.23"]
[SourceVersion "1"]
[SourceVersionDate "2006.11.23"]
[SourceQuality "1"]

1. e4 e6 2. d4 d5 3. Nc3 Nf6 4. Bg5 Bb4 5. e5 h6 6. Be3 Ne4 7. Qg4 g6 8. a3 Bxc3+ 9. bxc3 c5 10. Bd3 h5 11. Qf4 Nxc3 12. dxc5 Nc6 13. Nf3 d4 14. Nxd4 Nd5 15. Nxc6 bxc6 16. Qd4 Nxe3 17. Qxd8+ Kxd8 18. fxe3 Ke7 19. Rb1 Rd8 20. Be4 Bd7 21. Ke2 a5 22. Rb7 Ke8 23. a4 Rdb8 24. Rhb1 Rxb7 25. Rxb7 Kd8 26. h4 Kc8 27. Rb6 Kc7 28. Kf3 Ra7 29. Kf4 1-0